Statistics for Capital Cities - A-Z

Click here to take the quiz!

General Stats

  • This quiz has been taken 77 times
  • The average score is 21 of 24

Answer Stats

CountryCapital City% Correct
SwitzerlandBBern
100%
AustraliaCCanberra
100%
FinlandHHelsinki
100%
PakistanIIslamabad
98%
PhilippinesMManila
98%
CanadaOOttawa
98%
ItalyRRome
98%
DjiboutiDDjibouti
96%
EcuadorQQuito
96%
South KoreaSSeoul
96%
United StatesWWashington
96%
Vatican CityVVatican City
95%
United Arab EmiratesAAbu Dhabi
93%
CyprusNNicosia
93%
CroatiaZZagreb
93%
MalaysiaKKuala Lumpur
91%
MongoliaUUlaanbaatar
91%
LibyaTTripoli
88%
ArmeniaYYerevan
80%
South SudanJJuba
70%
Papua New GuineaPPort Moresby
68%
TuvaluFFunafuti
63%
BotswanaGGaborone
59%
MalawiLLilongwe
55%

Score Distribution

Percentile by Number Answered

Percent of People with Each Score

Your Score History

You have not taken this quiz